Código sanitario: y sus disposiciones reglamentarias

Guardat en:
Dades bibliogràfiques
Format: Llibre
Idioma:espanyol
Publicat: Ciudad de México Parrúa 1981
Edició:17a. ed
Col·lecció:Colección Porrúa. Leyes y Códigos de México
Matèries:
Etiquetes: Afegir etiqueta
Sense etiquetes, Sigues el primer a etiquetar aquest registre!

MARC

LEADER 00000nam a2200000 a 4500
001 UCK5538
003 CL-VaPUC
008 050805e19810000MX |||||||||||||||||spa|d
082 0 4 |a 344.7204  |b COD  |2 21 
245 1 0 |a Código sanitario: y sus disposiciones reglamentarias 
250 |a 17a. ed 
300 |a 986 p 
942 |c BK 
945 |d 20050805 00:00:00  |a cmena 
260 |a Ciudad de México  |b Parrúa  |c 1981 
650 0 |a Código sanitario  |9 387494 
650 0 |a Legislación sanitaria  |9 345887 
650 0 |a Salud pública  |9 258913 
651 0 |a México  |9 255269 
583 |a last modification  |c 20050805 00:00:00  |k Rodrigo Vera 
490 0 |a Colección Porrúa. Leyes y Códigos de México 
999 |c 314044  |d 314042 
952 |0 0  |1 0  |4 0  |6 344_720400000000000_COD_1981  |7 0  |8 A  |9 385927  |a BIBDER  |b BIBDER  |d 2019-11-22  |i 4122518  |o 344.7204 COD 1981  |p 4122518  |r 2023-01-25  |w 2019-11-22  |y BK  |k DER